20 nej ... (19)

Bibliographic Details
Corporate Authors: Greenhorns (hudobná skupina) (Author), Tučňáci (hudobná skupina) (uci), Prototyp (hudobná skupina) (uci), Trik (hudobná skupina) (uci), Karel Vágner se svým orchestrem (uci)
Other Authors: Černý, Miroslav, 1937- (Compiler), Vyčítal, Jan, 1942-2020 (roz), Tučný, Michal, 1947-1995 (roz), Janda, Dalibor, 1953- (roz), Kotvald, Petr, 1959- (roz), Heidi (roz), Gott, Karel, 1939-2019 (roz), Korn, Jiří, 1949- (roz)
Format: Book
Language:Czech
PhysicalDescription:2 s.
Published: Praha Supraphon 1992

MARC

LEADER 00000nam a2200000 a 4500
001 vtls001253018
003 SK-MaSNL
005 20260301003518.0
008 250414s1992 CS 0 cze
035 |a SNK000203837 
040 |a SNK  |b slo  |c SNK  |e AACR2 
041 0 |a cze 
044 |a [CS] 
080 |a 784.66  |2 1981 
110 0 |a Greenhorns (hudobná skupina)  |4 aut  |9 87558 
245 0 0 |a 20 nej ... (19)  |h Audiozáznam  |c Hrajú skupiny Greenhorns, Tučňáci, Prototyp, Hrá skupina Trik, Hrá Karel Vágner se svým orchestrem ... ; Vybr. a zost. Miroslav Černý ; Spieva Jan Vyčítal, Michal Tučný, Dalibor Janda, Petr Kotvald, Heidi , Karel Gott, Jiří Korn 
260 |a Praha  |b Supraphon  |c 1992 
300 |a 2 s. 
500 |a 1.To tenkrát v čtyřicátom pátom. 2. Medicinman. 3.Jen ty samotná a já. 4.Salto. 5.Sláva bláznivým nápadům. 6.Hříšné bolero (No more Boleros). 7.Sisyfos (To znám). 8.Všechno bude fajn. 9.Klidnej spánek. 10.Napříč snům. 11.Démon pomsty. 12.Dotknu se ohně. 13.Druhý dech. 14.Čas. 15.Zlý svědomí. 16.Smečka psů. 17.Jsme lidé. 18.Mejdan. 19.Nervi mi nervy. 20.Obraz co nemusí mít rám 
700 1 |a Černý, Miroslav,  |d 1937-  |4 com  |9 171811 
700 1 |a Vyčítal, Jan,  |d 1942-2020  |4 roz  |9 197200 
700 1 |a Tučný, Michal,  |d 1947-1995  |4 roz  |9 87559 
700 1 |a Janda, Dalibor,  |d 1953-  |4 roz 
700 1 |a Kotvald, Petr,  |d 1959-  |4 roz  |9 120084 
700 1 |a Heidi  |4 roz  |9 284902 
700 1 |a Gott, Karel,  |d 1939-2019  |4 roz  |9 98862 
700 1 |a Korn, Jiří,  |d 1949-  |4 roz  |9 15578 
710 2 |a Tučňáci (hudobná skupina)  |4 uci  |9 34386 
710 2 |a Prototyp (hudobná skupina)  |4 uci  |9 34448 
710 0 |a Trik (hudobná skupina)  |4 uci  |9 103177 
710 0 |a Karel Vágner se svým orchestrem  |4 uci  |9 284903 
852 |a Slovenská národná knižnica 
954 |a hudba populárna 
999 |c 539655  |d 541585 
952 |t P60, <03>, [BOOK], {603}  |a SNK  |b SNK  |y PREZ  |7 0  |p 17A0201702  |o snkK 1083  |i snkJK 126/92  |0 0  |1 0  |4 0  |d 2000-10-27  |l 0  |r 2005-01-01 00:00:00  |w 2026-02-23